00538nam a2200157Ia 450000500170000000800410001708200190005810000120007724500480008926000400013730000120017750000750018994200060026495200950027099900150036520250227001123.0240331s9999 xx 000 0 und d bRUM26118a920 aRumi, N 0aKamaraj:bKaruppu Kaanthiyin Vellai Vaalkai aChennaibKizhakku Pathippagamc2004 a152 p., aA biographical sketch about Kamaraj, an exemplary politician in India. cL 001040708LaWERCLbWERCLcSSCd2024-03-31l0o 920 RUMp6118r2024-03-31w2024-03-31yL c4670d4670